000 00792am a2200265a 44500
003 AR-BaBNM
005 20251128211054.0
008 032020s1977 #AR|||||||||||000 | esp||
040 _cAR-BaBNM
100 1 _aNabuco, Joaquín
245 1 0 _aLa guerra del Paraguay
260 _aBuenos Aires
_bEditorial de Belgrano
_c1977
300 _a412 p.
500 _aApéndice en p. 361 contiene: tratado de la triple alianza firmado en Buenos Aires el l° de mayo de 1865
650 4 _aHISTORIA
650 4 _aHISTORIA LATINOAMERICANA
650 4 _aGUERRA
650 4 _aGUERRA DEL PARAGUAY
650 4 _aRELACIONES INTERNACIONALES
650 4 _aPOLITICA EXTERIOR
650 4 _aGUERRA DE LA TRIPLE ALIANZA
700 1 _aReparaz, Gonzalo
_etraductor
942 _cBK
998 _calicia
999 _c18103
_d18103